| 000 | 00933nam a2200313 a 4500 | ||
|---|---|---|---|
| 999 |
_c462 _d462 |
||
| 001 | 499931 | ||
| 003 | OSt | ||
| 005 | 20210614104641.0 | ||
| 008 | 850315s1988 mau b 001 0 eng | ||
| 010 | _a 85060988 | ||
| 020 | _a0395369118 | ||
| 040 |
_aDLC _cDLC _dDLC |
||
| 050 | 0 | 0 |
_aHA29 _b.H6525 1988 |
| 082 | 0 | 0 |
_a519.5 _219 |
| 100 | 1 | _aHinkle, Dennis E. | |
| 245 | 1 | 0 |
_aApplied statistics for the behavioral sciences / _cDennis E. Hinkle, William Wiersma, Stephen G. Jurs. |
| 250 | _a2nd ed. | ||
| 260 |
_aBoston : _bHoughton Mifflin, _cc1988. |
||
| 300 |
_axix, 682 p. ; _c25 cm. |
||
| 500 | _aIncludes index. | ||
| 504 | _aBibliography: p. 674-676. | ||
| 650 | 0 |
_aSocial sciences _xStatistical methods. |
|
| 650 | 0 | _aStatistics. | |
| 700 | 1 | _aWiersma, William. | |
| 700 | 1 | _aJurs, Stephen G. | |
| 906 |
_a7 _bcbc _corignew _d2 _eopcn _f19 _gy-gencatlg |
||
| 942 |
_2lcc _cBK _nSO |
||